| 000 | 00749cam a2200217 4500 | ||
|---|---|---|---|
| 001 | ABS62256 | ||
| 008 | 000000n1999 000 0 eng u | ||
| 035 | _a(Sirsi) u105731 | ||
| 245 | _aAlternative land use | ||
| 260 | _c1999 | ||
| 490 |
_aFarm Development Review _v14(2) December 1999, (LOAN) |
||
| 520 | _aSetting up business partnerships, marina developments, speciality food websites, victorian maps, redundant barn sales and marketing alternative crops are discussed. | ||
| 590 | _aABS | ||
| 650 | _aFARM DIVERSIFICATION | ||
| 650 | _aBUSINESS PARTNERSHIPS | ||
| 650 | _aFARM MANAGEMENT AGREEMENTS | ||
| 650 | _aMARINA DEVELOPMENTS | ||
| 650 | _aREDUNDANT FARM BUILDINGS | ||
| 690 | _aRURAL-FARM BUSINESS MANAGEMENT | ||
| 942 | _n0 | ||
| 999 |
_c63318 _d63318 |
||